Sociedades Tomo II Sociedad ann̤ima

Detalles Bibliográficos
Autor principal: Puelma Accorsi, ℓlvaro
Formato: eBook
Lenguaje:español
Publicado: [Chile] : Editorial jurd̕ica de Chile, 2011.
Colección:Tratados
Materias:
Acceso en línea:Acceso restringido

MARC

LEADER 00000nam a22000007a 4500
005 20111004114618.0
008 111004s2011 cl |||||s|||| 00||0 spa d
020 |a 956-10-1363-0  
035 |a 5849 
040 |a vLex 
090 |c 2604  |d 2604 
100 1 |a Puelma Accorsi, ℓlvaro 
245 1 0 |a Sociedades  |h [Recurso electrn̤ico] /  |c Alvaro Puelma Accorsi   |n Tomo II  |p Sociedad ann̤ima 
256 |a Servicio en ln̕ea. 
260 |a [Chile] :  |b Editorial jurd̕ica de Chile,  |c 2011. 
300 |a 1 recurso electrn̤ico 
490 0 |a Tratados 
500 |a Completo tratado sobre la sociedades, cuyo primer tomo analiza exhaustivamente los aspectos ms̀ relevantes de la sociedad colectiva, de la sociedad en comandita y de la sociedad de responsabilidad limitada. El tomo II est ̀referido in extenso al anl̀isis de la sociedad ann̤ima. Desenvolvimiento histr̤ico de la sociedad; Principios comunes a toda sociedad; La sociedad e instituciones afines; Normativa aplicable a la generalidad de las sociedades; Sociedades sin personalidad jurd̕ica; Aspectos generales sobre sociedades con personalidad jurd̕ica; La sociedad colectiva; La sociedad en comandita; La sociedad de responsabilidad limitada; La sociedad ann̤ima. 
506 1 |a Contenido solo disponible en los productos indicados  |d vLex Global  |d vLex Global (Academic Edition, excluding Law Schools)  |d vLex Global (U.S. Academic Edition, Law Schools)  |d vLex Global (U.S. Academic Edition, excluding Law Schools)  |d vLex Global (Academic Edition, Law Schools) 
650 0 4 |a Sociedades ann̤imas  |z Chile 
740 0 |a vLex Libros (Servicio en ln̕ea) 
856 4 0 |u http://vlex.com/source/sociedades-tomo-ii-5849  |z Acceso restringido 
942 |c BOOK